[Event "Queima das Fitas op"]
[Site "Coimbra"]
[Date "2024.04.27"]
[Round "5"]
[White "Bras, Hugo Miguel Pereira"]
[Black "Maloberti, David"]
[Result "0-1"]
[WhiteElo "1827"]
[BlackElo "1975"]
[PlyCount "92"]
[EventDate "2024.04.25"]
[EventType "swiss"]
[EventRounds "7"]
[EventCountry "POR"]
[SourceTitle "CBM 219 Extra"]
[Source "ChessBase"]
[SourceDate "2024.05.31"]
[SourceVersion "1"]
[SourceVersionDate "2024.05.31"]
[SourceQuality "1"]

1. e4 e6 2. d4 d5 3. exd5 exd5 4. Nf3 Bd6 5. c4 c6 6. Nc3 Nf6 7. Bd3 0-0 8. 0-0 dxc4 9. Bxc4 Bg4 10. h3 Bh5 11. Bg5 Nbd7 12. Re1 Qa5 13. g4 Nxg4 14. hxg4 Bxg4 15. Bh4 Qh5 16. Kg2 Bxf3+ 17. Qxf3 Qxh4 18. Rh1 Qg5+ 19. Kf1 Nf6 20. Ne4 Nxe4 21. Qxe4 Qg6 22. Qf3 Rae8 23. Bd3 f5 24. Bc4+ Kh8 25. Qh3 h6 26. Rg1 Qf6 27. Qh5 Qxd4 28. Be2 Re6 29. Rd1 Qe5 30. Bc4 Re7 31. Bd3 Qh2 32. Qf3 Qf4 33. Qh5 Bc5 34. Rg2 Bd4 35. b3 Re3 36. Bc4 c5 37. Bf7 Rf3 38. Rxd4 cxd4 39. Kg1 Rc3 40. Rxg7 Rc1+ 41. Kg2 Qe4+ 42. f3 Qe2+ 43. Kg3 Rg1+ 44. Kf4 Qe3+ 45. Kxf5 Rxg7 46. f4 Rfxf7+ 0-1